Drapeau des Pays Nordiques - Statistiques

Statistiques générales
  • Ce quiz a été pris 49 fois
  • Le résultat moyen est 7 sur 8
Statistiques - réponses
Par images Réponse % Correct
Danemark
100%
Finlande
100%
Norvège
100%
Suède
100%
Islande
95%
Groenland
80%
Îles Féroé
66%
Åland
23%
Aucun quiz correspondant
Distribution des résultats
% des personnes avec chaque résultat
Percentile par nombre de réponses
Votre historique - résultats
Vous n’avez pas pris ce quiz